|
|
|
|
| LEADER |
00000nam0a2200000 4500 |
| 001 |
242118 |
| 005 |
20231101231853.0 |
| 010 |
|
|
|a 9785769595868
|
| 035 |
|
|
|a (RuTPU)RU\TPU\book\263415
|
| 035 |
|
|
|a RU\TPU\book\149485
|
| 090 |
|
|
|a 242118
|
| 100 |
|
|
|a 20080519d2013 m y0rusy50 ca
|
| 101 |
0 |
|
|a rus
|
| 102 |
|
|
|a RU
|
| 105 |
|
|
|a a j 001zy
|
| 200 |
1 |
|
|a Экономическая и социальная география зарубежных стран
|e учебник
|f Ю. Н. Гладкий, В. Д. Сухоруков
|
| 205 |
|
|
|a 3-е изд., перераб.
|
| 210 |
|
|
|a Москва
|c Академия
|d 2013
|
| 215 |
|
|
|a 393 с.
|c ил.
|
| 225 |
1 |
|
|a Высшее профессиональное образование. Бакалавриат
|
| 320 |
|
|
|a Список литературы: с. 375.
|
| 330 |
|
|
|a Учебник создан в соответствии с Федеральным государственным образовательным стандартом по направлению подготовки «Педагогическое образование» профиль «География» (квалификация «бакалавр»). В учебнике освещаются принципы и методы регионализации современного социально-экономического пространства, приводятся обзорные и развернутые характеристики основных регионов и стран зарубежного мира.Для студентов учреждений высшего профессионального образования.
|
| 606 |
1 |
|
|a Экономическая география
|x Зарубежные страны
|2 stltpush
|3 (RuTPU)RU\TPU\subj\37377
|9 58397
|
| 610 |
1 |
|
|a экономика
|
| 610 |
1 |
|
|a социальная география
|
| 610 |
1 |
|
|a региональная география
|
| 610 |
1 |
|
|a Западная Европа
|
| 610 |
1 |
|
|a Германия
|
| 610 |
1 |
|
|a Великобритания
|
| 610 |
1 |
|
|a Франция
|
| 610 |
1 |
|
|a Италия
|
| 610 |
1 |
|
|a Восточная Европа
|
| 610 |
1 |
|
|a микрогосударства Европы
|
| 610 |
1 |
|
|a Российская Федерация
|
| 610 |
1 |
|
|a СНГ
|
| 610 |
1 |
|
|a Украина
|
| 610 |
1 |
|
|a Белоруссия
|
| 610 |
1 |
|
|a Молдавия
|
| 610 |
1 |
|
|a Закавказье
|
| 610 |
1 |
|
|a Азия
|
| 610 |
1 |
|
|a КНР
|
| 610 |
1 |
|
|a Япония
|
| 610 |
1 |
|
|a Индия
|
| 610 |
1 |
|
|a Индонезия
|
| 610 |
1 |
|
|a Северная Африка
|
| 610 |
1 |
|
|a Южная Африка
|
| 610 |
1 |
|
|a Тропическая Африка
|
| 610 |
1 |
|
|a США
|
| 610 |
1 |
|
|a Канада
|
| 610 |
1 |
|
|a Латинская Америка
|
| 610 |
1 |
|
|a Мексика
|
| 610 |
1 |
|
|a Бразилия
|
| 610 |
1 |
|
|a Австралийский союз
|
| 610 |
1 |
|
|a Океания
|
| 610 |
1 |
|
|a учебники
|
| 686 |
|
|
|a У04(0)я73
|v LBC/SL-A
|2 rubbk
|
| 700 |
|
1 |
|a Гладкий
|b Ю. Н.
|g Юрий Никифорович
|
| 701 |
|
1 |
|a Сухоруков
|b В. Д.
|g Вячеслав Дмитриевич
|
| 801 |
|
1 |
|a RU
|b 63413507
|c 20130826
|
| 801 |
|
2 |
|a RU
|b 63413507
|c 20150622
|g RCR
|
| 900 |
|
|
|a Экономическая география мира
|
| 942 |
|
|
|c BK
|
| 951 |
|
|
|b 050100
|
| 959 |
|
|
|a 115/20130826
|d 2
|e 578,00
|f ЧЗГЛ:1
|f АНЛ:1
|